000 00705nam a2200253Ia 4500
003 OSt
005 20220918170129.0
006 a|||||r|||| 00| 0
007 ta
008 220917b |||||||| |||| 00| 0 eng d
020 _a9027209677
024 _a37,728
037 _cTextual
040 _aARTS
_cARTS
_beng
041 _2eng
_aeng
082 _aO113,1L49:g, 111L9
100 _aRichards D B
_927254
245 0 _aGoethe's search for the muse
_b Translation and creativity
260 _aAmsterdam
_bJohn Benjamin B V
_c1979
300 _a114p.
_ccm.
650 _aENGLISH LITERATURE
942 _hO113,1L49:g, 111L9
_cTEXL
_2CC
999 _c132766
_d132766